000 00660nam a2200265Ia 4500
005 20260121171643.0
008 008 260114s9999 xx 000 0 eng d
020 _a9789811509865
037 _aEBOOK
040 _aCRL
040 _beng
040 _cCRL
041 _2eng
041 _aeng
084 _qCRL
100 _aRilus A. Kinseng
_91078878
245 0 _aClass and Conflict in the Fishers' Community in Indonesia
260 _bSpringer
260 _bSpringer
260 _c2020
856 _uhttps://link.springer.com/openurl?genre=book&isbn=978-981-15-0986-5
942 _cEBOOK
999 _c1644608
_d1644608